000 00484nam a2200181Ia 4500
005 20250508151049.0
008 008 250505s9999 xx 000 0 eng d
037 _aTextual
040 _aFEDL
_beng
_cFEDL
041 _aeng
_2eng
084 _a323.2, BRO
_qFEDL
100 _aBrogan D. W.
245 0 _aPrice of revolution
260 _aNew York, USA
_bHarper and Brothers
_c1951
300 _aviii,280p.
942 _cTEXL
_h323.2, BRO
999 _c1327352
_d1327352